Recopilación de Decretos Leyes. Dictados por la Junta de Gobierno constituida el 11 de Septiembre de 1973, que asumió el mando supremo de la nación. Con índices numérico, temático, onomástico y de notas
সংরক্ষণ করুন:
| সংস্থা লেখক: | |
|---|---|
| বিন্যাস: | গ্রন্থ |
| ভাষা: | স্প্যানিশ |
| প্রকাশিত: |
Santiago
Contraloría General de la República
1976
|
| বিষয়গুলি: | |
| ট্যাগগুলো: |
ট্যাগ যুক্ত করুন
কোনো ট্যাগ নেই, প্রথমজন হিসাবে ট্যাগ করুন!
|
MARC
| LEADER | 00000nam a2200000 a 4500 | ||
|---|---|---|---|
| 001 | UCR0681 | ||
| 003 | CL-VaPUC | ||
| 008 | 971205e19760000CL |||||||||||||||||spa|d | ||
| 082 | 0 | 4 | |a 348.022 |b CON |2 21 |
| 110 | 2 | |a Contraloría General de la República |e author |9 396748 | |
| 245 | 1 | 0 | |a Recopilación de Decretos Leyes. Dictados por la Junta de Gobierno constituida el 11 de Septiembre de 1973, que asumió el mando supremo de la nación. Con índices numérico, temático, onomástico y de notas |
| 300 | |a t | ||
| 942 | |c BK | ||
| 945 | |d 19971205 00:00:00 |a lriquelm | ||
| 260 | |a Santiago |b Contraloría General de la República |c 1976 | ||
| 500 | |a Contiene: desde la decreto ley 1.251, de 10 de Noviembre de 1975, al decreto ley 1.500, de 14 de Junio de 1976 | ||
| 500 | |a Decretos Leyes vol.8 | ||
| 500 | |a Donación profesor Fernando Recio Olguín | ||
| 650 | 7 | |a LEGISLACION |2 CL-VaPUC |9 396749 | |
| 650 | 0 | |a Leyes |9 256670 | |
| 650 | 7 | |a FUENTES |2 CL-VaPUC |9 255666 | |
| 650 | 7 | |a DERECHO CHILENO |2 CL-VaPUC |9 396750 | |
| 650 | 7 | |a DECRETO LEY |2 CL-VaPUC |9 382553 | |
| 583 | |a last modification |c 20140410 09:56:38 |k Rodrigo Vera | ||
| 999 | |c 264180 |d 264178 | ||
| 952 | |0 0 |1 0 |4 0 |6 348_022000000000000_CON_1976 |7 0 |8 F |9 294081 |a BIBDER |b BIBDER |d 2019-11-19 |h t.68 |i 1911872 |o 348.022 CON 1976 |p 1911872 |r 2023-01-25 |w 2019-11-19 |y BK_F |k DER | ||
| 952 | |0 0 |1 0 |4 0 |6 348_022000000000000_CON_1976 |7 0 |8 X |9 294082 |a BIBHIS |b BIBHIS |d 2019-11-19 |h t.68 |i 2128772 |o 348.022 CON 1976 |p 2128772 |r 2024-01-30 |w 2019-11-19 |y BK_X |k HIS | ||